How Israel lost : (Record no. 27706)

MARC details
000 -LEADER
campo de control de longitud fija 01780cam a2200481Li 4500
001 - NÚMERO DE CONTROL
campo de control 83460
005 - FECHA Y HORA DE LA ÚLTIMA TRANSACCIÓN
campo de control 20230410103901.0
008 - DATOS DE LONGITUD FIJA--INFORMACIÓN GENERAL
campo de control de longitud fija 080416s2005 enkb g 000 0 eng d
035 ## - NÚMERO DE CONTROL DEL SISTEMA
Número de control de sistema (OCoLC)ocn494238947
040 ## - FUENTE DE CATALOGACIÓN
Centro catalogador/agencia de origen ZWZ
Normas de descripción ncafnor
Lengua de catalogación fre
Centro/agencia transcriptor ZWZ
020 ## - NÚMERO INTERNACIONAL ESTÁNDAR DEL LIBRO
Número Internacional Estándar del Libro 0743267982 (br)
020 ## - NÚMERO INTERNACIONAL ESTÁNDAR DEL LIBRO
Número Internacional Estándar del Libro 9780743267984 (br)
029 0# - OTRO NÚMERO DE CONTROL DE SISTEMA (OCLC)
Identificador de la biblioteca OCLC ZWZ
Número de control de sistema 12330993X
035 ## - NÚMERO DE CONTROL DEL SISTEMA
Número de control de sistema (OCoLC)494238947
049 ## - FONDOS LOCALES (OCLC)
Biblioteca depositaria GRAL
050 14 - SIGNATURA TOPOGRÁFICA DE LA BIBLIOTECA DEL CONGRESO
Número de clasificación 416 DS 119.76
Número de ítem C889h 2005
082 00 - NÚMERO DE LA CLASIFICACIÓN DECIMAL DEWEY
Número de clasificación 956.05
100 1# - ENTRADA PRINCIPAL--NOMBRE DE PERSONA
Nombre de persona Cramer, Richard Ben.
245 10 - MENCIÓN DEL TÍTULO
Título How Israel lost :
Resto del título the four questions at the heart of the Middle East crisis /
Mención de responsabilidad, etc. Richard Ben Cramer.
260 ## - PUBLICACIÓN, DISTRIBUCIÓN, ETC.
Lugar de publicación, distribución, etc. London :
Nombre del editor, distribuidor, etc. Free Press,
Fecha de publicación, distribución, etc. 2005.
300 ## - DESCRIPCIÓN FÍSICA
Extensión 1 vol. ( 307 p.) :
Otras características físicas cartes. ;
Dimensiones 20 cm.
504 ## - NOTA DE BIBLIOGRAFÍA, ETC.
Nota de bibliografía, etc. Bibliogr. p. 302-306.
505 0# - NOTA DE CONTENIDO CON FORMATO
Nota de contenido con formato Why do we care about Israel? -- Why don't the Palestinians have a state? -- What is a Jewish state? -- Why is there no peace?
651 #0 - PUNTO DE ACCESO ADICIONAL DE MATERIA--NOMBRE GEOGRÁFICO
Nombre geográfico Israel
Subdivisión general Social conditions.
651 #0 - PUNTO DE ACCESO ADICIONAL DE MATERIA--NOMBRE GEOGRÁFICO
Nombre geográfico Israel
Subdivisión general Ethnic relations.
650 #0 - PUNTO DE ACCESO ADICIONAL DE MATERIA--TÉRMINO DE MATERIA
Término de materia o nombre geográfico como elemento de entrada National characteristics, Israeli.
650 #0 - PUNTO DE ACCESO ADICIONAL DE MATERIA--TÉRMINO DE MATERIA
Término de materia o nombre geográfico como elemento de entrada Arab-Israeli conflict
Subdivisión general Moral and ethical aspects.
650 #0 - PUNTO DE ACCESO ADICIONAL DE MATERIA--TÉRMINO DE MATERIA
Término de materia o nombre geográfico como elemento de entrada Arab-Israeli conflict
Subdivisión cronológica 1993-
Subdivisión general Peace.
650 #0 - PUNTO DE ACCESO ADICIONAL DE MATERIA--TÉRMINO DE MATERIA
Término de materia o nombre geográfico como elemento de entrada Palestinian Arabs
Subdivisión geográfica West Bank
Subdivisión general Social conditions.
650 #0 - PUNTO DE ACCESO ADICIONAL DE MATERIA--TÉRMINO DE MATERIA
Término de materia o nombre geográfico como elemento de entrada Palestinian Arabs
Subdivisión geográfica Gaza Strip
Subdivisión general Social conditions.
651 #4 - PUNTO DE ACCESO ADICIONAL DE MATERIA--NOMBRE GEOGRÁFICO
Nombre geográfico Israel
Subdivisión general Características nacionales.
651 #4 - PUNTO DE ACCESO ADICIONAL DE MATERIA--NOMBRE GEOGRÁFICO
Nombre geográfico Israel
Subdivisión general Condiciones sociales.
651 #4 - PUNTO DE ACCESO ADICIONAL DE MATERIA--NOMBRE GEOGRÁFICO
Nombre geográfico Israel
Subdivisión general Relaciones étnicas.
650 #4 - PUNTO DE ACCESO ADICIONAL DE MATERIA--TÉRMINO DE MATERIA
Término de materia o nombre geográfico como elemento de entrada Conflicto árabe-israelí
Subdivisión general Cuestiones territoriales
650 #4 - PUNTO DE ACCESO ADICIONAL DE MATERIA--TÉRMINO DE MATERIA
Término de materia o nombre geográfico como elemento de entrada Conflicto árabe-israelí
Subdivisión cronológica 1993
Subdivisión general Paz
740 02 - ENTRADA AGREGADA--TÍTULO RELACIONADO/ANALÍTICO NO CONTROLADO
Título relacionado o analítico no controlado Why do we care about Israel?
740 02 - ENTRADA AGREGADA--TÍTULO RELACIONADO/ANALÍTICO NO CONTROLADO
Título relacionado o analítico no controlado Why don't the Palestinians have a state?
740 02 - ENTRADA AGREGADA--TÍTULO RELACIONADO/ANALÍTICO NO CONTROLADO
Título relacionado o analítico no controlado What is a Jewish state?
740 02 - ENTRADA AGREGADA--TÍTULO RELACIONADO/ANALÍTICO NO CONTROLADO
Título relacionado o analítico no controlado Why is there no peace?
942 ## - ELEMENTOS DE ENTRADA SECUNDARIOS (KOHA)
Fuente del sistema de clasificación o colocación Clasificación de Library of Congress
Tipo de ítem Koha
946 ## - PROCESAMIENTO DE INFORMACIÓN LOCAL (OCLC)
a kk
994 ## -
-- C0
-- DRFGD
Holdings
Estatus retirado Estado de pérdida Fuente del sistema de clasificación o colocación Estado de daño No para préstamo Colección Biblioteca de origen Biblioteca actual Ubicación en estantería Fecha de adquisición Serial enumeration / chronology Signatura topográfica completa Código de barras Visto por última vez Copia número Tipo de ítem Koha
    Clasificación de Library of Congress     Recursos Regionales Biblioteca Juan Bosch Biblioteca Juan Bosch Recursos Regionales (2do. Piso) 10/04/2023 1 416 DS 119.76 C889h 2005 00000074799 23/10/2018 1